一方向の列車のみ発着する途中駅 - Statistics

General Stats
  • This quiz has been taken 77 times
  • The average score is 6 of 16
Answer Stats
駅名 % Correct
茨城県 偕楽園
76%
千葉県 女子大
65%
千葉県 中学校
59%
千葉県 リゾートゲートウェイ・ステーション
56%
千葉県 東京ディズニーランド・ステーション
49%
千葉県 ベイサイド・ステーション
47%
千葉県 東京ディズニーシー・ステーション
47%
千葉県 井野
46%
兵庫県 中埠頭
32%
兵庫県 北埠頭
32%
兵庫県 南公園
28%
富山県 大手モール
21%
富山県 グランドプラザ前
21%
富山県 国際会議場前
19%
長崎県 昭和町通
15%
富山県 オークスカナルパークホテル富山前
12%
No matching quizzes found
Score Distribution
Percent of People with Each Score
Percentile by Number Answered
Your Score History
You have not taken this quiz